| 000 | 00907nam a22001817a 4500 | ||
|---|---|---|---|
| 005 | 20240215120929.0 | ||
| 010 | _aHIN-126891 | ||
| 020 |
_a9789354092459 _c215.00 |
||
| 035 | _aHN-99237 | ||
| 037 | _bDBAD/PUB | ||
| 082 | _a590.744 | ||
| 100 |
_aबिष्ट,राजेंद्र सिंह _962116 |
||
| 245 |
_aभारत के राष्टीय उद्यान/ _bराजेंद्र सिंह बिष्ट |
||
| 260 |
_aनई दिल्ली _bप्रकाशन विभाग सूचना एवं प्रसारण मंत्रालय भारत सरकार _c2021 |
||
| 270 |
_aसी जी ओ काम्प्लेक्स लोधी रोड _bनई दिल्ली _e110003 |
||
| 300 |
_a261 पृष्ठ; _c22 सेमी (अजिल्द) |
||
| 942 |
_cHN _2ddc _h590.744 _mबिष्टरा |
||
| 999 |
_c200765 _d200765 |
||